000 00635nam a2200181Ia 4500
008 100917s9999 xx 000 0 und d
082 _b52165
100 _aकेळकर भालबा
245 _aविज्ञानाला पंख कल्पनेचे
260 _bअनिरूध्द साहित्य
_c1978
300 _a70
365 _b7
520 _aबालविभाग
630 _aविज्ञानाला पंख कल्पनेचे
650 _aबालविभाग
730 _aविज्ञानाला पंख कल्पनेचे
942 _cBOOK
999 _c657559
_d657556